Sports Quiz

Random Sports or NBA Quiz

Find the Basketball Hall of Fame Inductees (2010s) Quiz Stats

 Plays Quiz Updated Feb 14, 2020

Support Sporcle.
Go Orange.
Score 0/16 Timer 03:00
2 Plays Today
% Correct
Yao Ming (2016)
96.8%
Scottie Pippen (2010)
96.3%
Allen Iverson (2016)
96.2%
Shaquille O'Neal (2016)
95.8%
Dennis Rodman (2011)
95.4%
Karl Malone (2010)
93.4%
Reggie Miller (2012)
93.2%
Chris Mullin (2011)
92.7%
% Correct
Dikembe Mutombo (2015)
90.8%
Rebecca Lobo (2017)
90.2%
Tracy McGrady (2017)
90.1%
Alonzo Mourning (2014)
88.5%
Gary Payton (2013)
85.6%
Lisa Leslie (2015)
83%
Mitch Richmond (2014)
80.1%
Jo Jo White (2015)
79.8%

From the Vault

Presidential Ticket Checklist

by rockgolf

History 5m
Checklists would be good for figuring out who to vote for, huh? Also vote.
Remove Ads.
Support Sporcle.
Get the best of Sporcle when you Go Orange. This ad-free experience offers more features, more stats, and more fun while also helping to support Sporcle. Thank you for becoming a member.

Show Comments

Extras

Top Quizzes Today


Score Distribution

Your Account Isn't Verified!

In order to create a playlist on Sporcle, you need to verify the email address you used during registration. Go to your Sporcle Settings to finish the process.

Report this User

Report this user for behavior that violates our Community Guidelines.

Details: